Recommendations on strategies for development education and research

Збережено в:
Бібліографічні деталі
Співавтор: Universidad Autónoma Metropolitana
Формат: Текст
Опубліковано: México, D.F.: UAM
Теги: Додати тег
Немає тегів, Будьте першим, хто поставить тег для цього запису!

MARC

LEADER 00000 a a2200000 04500
001 25098
003
040
090 |a 177900  
110 |a Universidad Autónoma Metropolitana  
245 |a Recommendations on strategies for development education and research  
260 |a México, D.F.:   |b UAM  
300 |a 46 p.  
999 |c 15224  |d 15224